Online Public Access Catalog -OPAC

Manaul of Veterinary Surgery (Record no. 3527)

MARC details
000 -LEADER
fixed length control field 00392nam a2200109Ia 4500
008 - FIXED-LENGTH DATA ELEMENTS--GENERAL INFORMATION
fixed length control field 180412s9999||||xx |||||||||||||| ||und||
040 ## - CATALOGING SOURCE
Original cataloging agency Ahmadu Bello University Library - Zaria
100 ## - MAIN ENTRY--PERSONAL NAME
Personal name Lyubimov, N .A.
245 #0 - TITLE STATEMENT
Title Manaul of Veterinary Surgery
Statement of responsibility, etc. by N. A. Lyubimov
260 ## - PUBLICATION, DISTRIBUTION, ETC.
Place of publication, distribution, etc. Moscow
Name of publisher, distributor, etc. MIR Publihers
Date of publication, distribution, etc. 1977
300 ## - PHYSICAL DESCRIPTION
Extent 447p.; ill., diagrs, pictures & tables
500 ## - GENERAL NOTE
General note Includes bibliographical references and index

No items available.

Customized by ICT Technical Service Unit on 29th Dec 2022

Kashim Ibrahim Library